El problema del conocimiento

Gespeichert in:
Bibliographische Detailangaben
1. Verfasser: Cassirer, Ernst
Format: Buch
Sprache:Undetermined
Veröffentlicht: México, Distrito Federal Fondo de Cultura Económica 1993
Ausgabe:4
Schlagworte:
Tags: Tag hinzufügen
Keine Tags, Fügen Sie den ersten Tag hinzu!

MARC

LEADER 00000nam a2200000Ia 4500
008 170316s9999 xx 000 0 und d
090 |a 100 C-17p 
100 |a Cassirer, Ernst 
245 |a El problema del conocimiento 
250 |a 4 
260 |a México, Distrito Federal 
260 |b Fondo de Cultura Económica 
260 |c 1993 
300 |a 721 páginas Tomo II 
650 |a FILOSOFÍA 
999 |c 15867  |d 15867 
040 |a cru BVZT 
942 |c 15 D  |h 100 C-17p  |2 z